| 000 | 00000nam##2200000za#4500 |
| 001 | 9.635230 |
| 003 | CaOODSP |
| 005 | 20220328113306 |
| 007 | cr ||||||||||| |
| 008 | 150407|2008||||xxc|||||o f|0| 0 fre|d |
| 020 | |a978-0-662-08628-4 |
| 040 | |aCaOODSP|bfre |
| 043 | |an-cn--- |
| 086 | 1 |aIu44-64/2008F-PDF |
| 110 | 1 |aCanada. |bIndustrie Canada. |
| 245 | 10|aL'aérospatiale au Canada |h[ressource électronique] |
| 260 | |aOttawa - Ontario : |bIndustrie Canada |c[2008]. |
| 300 | |a4p.|bphotographies |
| 500 | |aLe n° de catalogue (Iu44-64/2008F) et l'ISBN (978-0-662-08627-7) de l'édition imprimée ont été incorrectement copiés dans la version électronique. |
| 590 | |a13-06-Supp|b2013-03-19 |
| 691 | 07|aIndustrie de l'aérospatiale|2gcpds |
| 775 | 08|tCanada aerospace |w(CaOODSP)9.690885 |
| 856 | 40|ahttp://publications.gc.ca|qPDF|s406 Ko|uhttps://publications.gc.ca/collections/collection_2013/ic/Iu44-64-2008-fra.pdf |
| 986 | |a60453 |